Inžinierskogeologická rajonizácia Bratislavy pre ukladanie pevných odpadkov

Bibliographic Details
Main Authors: Letko, Vladimír, 1937- (Author), Kováčiková, M. (Author)
Format: Article
Language:Slovak
PhysicalDescription:Obr. 1. Res. angl., rus.
Subjects:

MARC

LEADER 00000nab a2200000 a 4500
001 vtls000109077
003 SK-MaSNL
005 20260303024326.0
008 111031c1981 xo 0 slo
015 |a SNBRA19rr/mm-uuuuu 
035 |a CL0119180 
040 |a SNKBUCL  |b slo  |c SNKBUCL  |e AACR2 
041 0 |a slo 
044 |a xo  |c SK 
080 |a 628  |2 1981 
100 1 |a Letko, Vladimír,  |d 1937-  |4 aut  |9 39762 
245 1 0 |a Inžinierskogeologická rajonizácia Bratislavy pre ukladanie pevných odpadkov  |c V. Letko, M. Kováčiková 
300 |b Obr. 1. Res. angl., rus. 
650 0 7 |a pevný odpad  |2 snkbucl  |9 99241 
655 7 |a články zo zborníkov  |2 snkbucl  |9 166140 
700 1 |a Kováčiková, M.  |4 aut  |9 336910 
773 0 |t Comenianae. Formatio et protectio naturae VII  |d Bratislava : SPN, 1981  |g S. 37-44 
850 |a Slovenská národná knižnica v Martine  |a MTA001 
852 |a SNK  |b KIS3GCP 
958 |a RK 
992 |a RZB 
999 |c 1639835  |d 1641765